| 000 | 00340nam a2200145Ia 4500 | ||
|---|---|---|---|
| 008 | 230711s9999||||xx |||||||||||||| ||und|| | ||
| 041 | _aENG | ||
| 082 |
_a547 _bPA-O |
||
| 100 | _aPadwa,Albert | ||
| 245 | 0 | _aOrganic photoChemistry | |
| 250 | _a1st Ed. | ||
| 260 |
_c1989 _aNew York _bMarcel Dekker Inc. |
||
| 650 | _aChemistry | ||
| 942 | _cBK | ||
| 999 |
_c1215 _d1215 |
||